Appraising the appraisal: the art of appraisal review. (Record no. 99386)
[ view plain ]
| 000 -LEADER | |
|---|---|
| fixed length control field | 00642cam a2200253 4500 |
| 001 - CONTROL NUMBER | |
| control field | |
| 008 - FIXED-LENGTH DATA ELEMENTS--GENERAL INFORMATION | |
| fixed length control field | 090401t1998 xxu||||| |||| 00| 0 eng d |
| 020 ## - INTERNATIONAL STANDARD BOOK NUMBER | |
| International Standard Book Number | 0922154503 |
| 035 ## - SYSTEM CONTROL NUMBER | |
| System control number | (Sirsi) u99553 |
| 041 ## - LANGUAGE CODE | |
| Language code of text/sound track or separate title | eng |
| 050 ## - LIBRARY OF CONGRESS CALL NUMBER | |
| Classification number | 333.3320973 |
| 100 ## - MAIN ENTRY--PERSONAL NAME | |
| Personal name | Sorenson, Richard C. |
| 245 ## - TITLE STATEMENT | |
| Title | Appraising the appraisal: the art of appraisal review. |
| 260 ## - PUBLICATION, DISTRIBUTION, ETC. | |
| Place of publication, distribution, etc. | USA |
| Name of publisher, distributor, etc. | Appraisal Institute |
| Date of publication, distribution, etc. | 1998 |
| 300 ## - PHYSICAL DESCRIPTION | |
| Extent | 205p. ; 25cm. |
| 350 ## - PRICE (NR) (BK AM CF MU VM SE) [OBSOLETE] | |
| Price | 27.5 |
| 650 ## - SUBJECT ADDED ENTRY--TOPICAL TERM | |
| Topical term or geographic name entry element | VALUATIONS |
| 650 ## - SUBJECT ADDED ENTRY--TOPICAL TERM | |
| Topical term or geographic name entry element | USA |
| 650 ## - SUBJECT ADDED ENTRY--TOPICAL TERM | |
| Topical term or geographic name entry element | APPRAISALS |
| 650 ## - SUBJECT ADDED ENTRY--TOPICAL TERM | |
| Topical term or geographic name entry element | UNITED STATES |
| 690 ## - LOCAL SUBJECT ADDED ENTRY--TOPICAL TERM (OCLC, RLIN) | |
| Topical term or geographic name as entry element | PROPERTY-PROPERTY APPRAISAL AND VALUATION |
| 942 ## - ADDED ENTRY ELEMENTS (KOHA) | |
| Suppress in OPAC | 0 |
| 948 ## - LOCAL PROCESSING INFORMATION (OCLC); SERIES PART DESIGNATOR (RLIN) | |
| c (OCLC) | 04/09/1998 |
| Withdrawn status | Lost status | Source of classification or shelving scheme | Damaged status | Not for loan | Home library | Current library | Shelving location | Date acquired | Total Checkouts | Full call number | Barcode | Date last seen | Date last checked out | Copy number | Price effective from | Koha item type |
|---|---|---|---|---|---|---|---|---|---|---|---|---|---|---|---|---|
| Other/Generic Classification Scheme | London | London | Books | 01/06/2000 | 16 | 33303320973 SOR | 30061451 | 06/08/2019 | 04/05/2005 | 1 | 06/08/2019 | Book |